Loading...
| Fine Arts - Auditory Fine Arts | 2 | 4 | 1 | 0 | 65 | 26 | 76.17 | 4 | 6 |
| Science - Physics | 1 | 5 | 0 | 1 | 65 | 44 | 78.00 | 1 | 5 |
| Philosophy | 2 | 2 | 2 | 0 | 40 | 65 | 69.25 | 1 | 4 |
| Social Science | 0 | 3 | 1 | 1 | 25 | 84 | 100.33 | 2 | 2 |
| Fine Arts - Other Fine Arts | 1 | 1 | 0 | 0 | 25 | 56 | 66.00 | 2 | 2 |
| Fine Arts - Visual Fine Arts | 1 | 1 | 0 | 2 | 25 | 82 | 114.00 | 0 | 2 |
| History - Other History | 1 | 0 | 0 | 0 | 15 | 55 | 55.00 | 0 | 1 |
| Pop Culture | 0 | 1 | 0 | 0 | 10 | 133 | 133.00 | 0 | 0 |
| History - European History | 0 | 1 | 0 | 0 | 10 | 88 | 88.00 | 0 | 1 |
| Religion- | 0 | 1 | 0 | 0 | 10 | 71 | 71.00 | 0 | 1 |
| Science - Chemistry | 0 | 1 | 1 | 1 | 5 | 119 | 119.00 | 1 | 1 |
| Science - Biology | 0 | 1 | 1 | 0 | 5 | 107 | 107.00 | 0 | 1 |
| History - American History | 0 | 0 | 1 | 0 | -5 | 0.00 | 0 | 0 | |
| Religion | 0 | 0 | 1 | 0 | -5 | 0.00 | 0 | 0 | |
| Science - Other Science | 1 | 0 | 4 | 0 | -5 | 26 | 26.00 | 1 | 1 |
| Literature - British Literature | 0 | 0 | 1 | 0 | -5 | 0.00 | 0 | 0 |